Città europee per immagine #2 - Statistics

Statistiche generali
  • Questo quiz è stato fatto 151 volte
  • Il punteggio medio è 9 su 15
Statistiche sulle risposte
con Immagini Risposta % Corretto
Pisa
100%
Londra
98%
Venezia
98%
Atene
97%
Mosca
77%
Bruxelles
74%
Amsterdam
64%
Vienna
58%
Kiev
42%
Oslo
34%
Bilbao
30%
Francoforte
30%
Edimburgo
22%
Zurigo
16%
Gibilterra
14%
Nessun quiz corrispondente trovato
Distribuzione punteggi
Percentuale di utenti per punteggio
Percentile per numero di risposta
I tuoi punteggi nel tempo
Non hai fatto questo quiz